| 000 | 00676cam a2200289ua 4500 | ||
|---|---|---|---|
| 020 | _c5.00 | ||
| 041 |
_aben _h |
||
| 082 |
_a516.06 _bRAJ/PR |
||
| 100 | _aRajaraman, S. | ||
| 245 |
_aPractical solid geometry / _cS.Rajaraman. _hTextual Documents |
||
| 250 |
_a7 / _b. |
||
| 260 |
_aTrivandrum : _bThe St.Joseph Press , _c1964. |
||
| 300 | _a150 ; . | ||
| 365 | _a5.00 | ||
| 504 | _a | ||
| 942 | _cBK | ||
| 999 |
_c3011 _d3011 |
||